| 000 | 00490nam a2200169 a 4500 | ||
|---|---|---|---|
| 005 | 20140412111236.0 | ||
| 008 | 010327s19uu xx 00 eng d | ||
| 020 | _a0-590-34532-X | ||
| 050 |
_aTR(GS 411 _bW158 1986 |
||
| 100 | _aWalling, Elaine | ||
| 245 |
_aWriter's workshop : _bapplying the writing process. |
||
| 260 |
_aNew York : _bScholastic Inc, _c1986. |
||
| 300 | _a62 p. | ||
| 440 | _aA Scholastic Skills Book, E | ||
| 650 | _aWriting - Juvenile literature | ||
| 999 |
_c102459 _d102459 |
||